| 000 | 003690000a22001210004500 | ||
|---|---|---|---|
| 008 | 230817t ||||| |||| 00| 0 eng d | ||
| 245 | _aLogos-Vol. 21, no. 4 (November 1982) | ||
| 246 | _aWoman Ideological Perspectives | ||
| 260 |
_aColombo : _bCentre for society & religion, _c1982 |
||
| 300 | _b134 p. | ||
| 490 | _aLogos - Volume 21: No.04 (November 1982) | ||
| 942 | _cCR | ||
| 999 |
_c2293 _d2293 |
||